Qui a marqué ce but - Statistiques

Statistiques générales
  • Ce quiz a été pris 197 fois
  • Le résultat moyen est 10 sur 14
Statistiques - réponses
Hint Réponse % Correct
Finale de la Coupe du Monde 2022, après une première mi-temps très laborieuse les Français sont logiquement menés 2-0, il réduira l'écart à la 80ème minute sur penalty et marqué le premier de ses 3 buts dans cette finale Kylian Mbappé
93%
Coupe du Monde 1986, quart de finale, il met un doublé en 4 minutes, le premier but sera surnommé "La Main de Dieu" Diego Maradona
92%
Coupe du Monde 2018, déjà auteur de 2 buts dans ce match, mais mené 2-3 par le voisin Espagnol, il réalise un hat-trick d'un magnifique coup-franc à la 88ème minute Cristiano Ronaldo
91%
Finale de la Ligue des Champions 1993, il reprend le ballon de la tête sur un corner d'Abedi Pelé et marque l'unique but du match Basile Boli
85%
3 juin 1997, Lyon, Stade de Gerland, 21ème minute, coup-franc pour le Brésil à plus de 30 mètres, il fait une quinzaine de pas en arrière, prend sa course d'élan, prend le ballon de l'extérieur du pied et "booom", le ballon contourne le mur prend une drôle de trajectoire, tout le monde pense que ca va passer à côté et le ballon revient vers le but et laisse Fabien Barthez cloué sur la ligne du but, 1-0 Roberto Carlos
85%
Finale de la Coupe du Monde 1998, Christophe Dugarry récupère la ballon, il le donne à Patrick Vieira qui le passe immédiatement au buteur, et 1 et 2 et 3-0 Emmanuel Petit
77%
L'équipe de France n'a besoin que d'un match nul pour se qualifier pour la Coupe du Monde 1994, 90ème minute de jeu, le score et de 1-1, coup-franc pour la France sur le côté droit, Vincent Guérin donne le ballon à David Ginola qui centre (sans aucun joueur français dans la surface de réparation) les Bulgares partent en contre-attaque, le buteur est lancé par Penev qui marque d'une grosse frappe sous la barre et ne laisse aucune chance à Bernard Lama, 1-2 les Français ne verront pas l'Amérique Emil Kostadinov
72%
Finale de l'Euro 1988, il reprend le ballon d'une reprise de volée magistrale qui trompe le gardien adverse dans l'angle opposé du but Marco Van Basten
66%
Dernier match de la Coupe du Monde 1950, le score est de 1-1, le Maracana doute, il reste une dizaine de minutes à jouer, sur un une-deux avec Pérez, il marque le but de la victoire pour son équipe et fera taire le Maracana Alcides Ghiggia
63%
Les Tchèques mènent 2-0 à Bordeaux contre la France, il est remplaçant pour sa première sélection, il rentre en jeu à la 63ème minute, à la 85ème il réduit le score et 2 minutes plus tard sur un corner de Jocelyn Angloma il reprend le ballon d'une superbe tête pour égaliser Zinedine Zidane
63%
29 mai 1985, Bruxelles, Stade du Heysel, Finale de la Coupe d'Europe des Clubs Champions, Juventus - Liverpool, on connait le drame d'avant-match, le match commencera après 21h30, il marquera le seul but du match sur penalty Michel Platini
61%
8 juillet 1982, Séville, la France et la RFA sont à égalité 1-1 à l'issu du temps réglementaire, les Français marquent rapidement un deuxième but dans les prolongations, à la 99ème minute, passe en retrait de Didier Six, il reprend à l'entrée de la surface de réparation, poteau rentrant, 3-1 pour la France, Thierry Roland qui commentait le match dira "les Français qui sont pratiquement en finale de la Coupe du Monde"....... mais on connait la suite de l'histoire Alain Giresse
53%
Premier buteur de la première Coupe du Monde de Football en 1930 Lucien Laurent
53%
« Un but venu d'ailleurs. » (Titre de l'Equipe le 20 août 1994) Sur une touche de Benoit Cauet, il contrôle de la poitrine, une-deux aérienne avec Reynald Pedros, il reprend le ballon de volée et trompe Bernard Lama Patrice Loko
45%
Aucun quiz correspondant
Distribution des résultats
% des personnes avec chaque résultat
Percentile par nombre de réponses
Votre historique - résultats
Vous n’avez pas pris ce quiz